CICERÓNOVA SÚDNA REČ PRO A. CAECINA A INTERDIKT "DE VI ARMATA"

Bibliographic Details
Main Author: Blaho, Peter, 1939-2018 (Author)
Format: Article
Language:Slovak

MARC

LEADER 00000nab a2200000uu 4500
001 vtls010910324
003 SK-MaSNL
005 20260303142627.0
008 230222|1993 xo |||||||||||||||||slo|
015 |a SNBRB 
035 |a (urnnbn)urn:nbn:sk:snk:ar-a081lg 
035 |a (uuid)22f71140-e780-4653-b017-a22fdafd27fb 
035 |a urn:nbn:sk:snk-ab8zs9 
040 |a SNKBUCL  |b slo  |c SNKBUCL  |e AACR2 
041 0 |a slo 
044 |a xo  |c SK 
100 1 |a Blaho, Peter,  |d 1939-2018  |4 aut  |9 92237 
245 1 0 |a CICERÓNOVA SÚDNA REČ PRO A. CAECINA A INTERDIKT "DE VI ARMATA"  |c Peter Blaho 
773 0 |t Acta Facultatis iuridicae Universitatis Comenianae  |g Roč. 14-1992, č. 14 (1993), s. 31-43 
954 |a odborná, vedecká literatúra pôvodná (slovenská)  |2 lita 
958 |a OND 
958 |a EUIPO 
958 |a article10 
999 |c 1984813  |d 1986743